Matthew Presenting Jesus the King. (Record no. 8040)

MARC details
000 -LEADER
fixed length control field 00587nam a2200241 a 4500
020 ## - INTERNATIONAL STANDARD BOOK NUMBER
ISBN
082 00 - DEWEY DECIMAL CLASSIFICATION NUMBER
Classification number 226.2
Author Cutter SYK
100 ## - MAIN ENTRY--AUTHOR NAME
Author name Sykes, R H
245 ## - TITLE STATEMENT
Title Matthew Presenting Jesus the King.
260 ## - PUBLICATION, DISTRIBUTION, ETC. (IMPRINT)
Place of publication Canada
Name of publisher Every Day Publications
Year of publication 1984
300 ## - PHYSICAL DESCRIPTION
Number of Pages 175p
500 ## - GENERAL NOTE
General note includes index and biblioraphy
505 2# - FORMATTED CONTENTS NOTE
Formatted contents note Appendix
650 ## - SUBJECT ADDED ENTRY--TOPICAL TERM
Topical Term Bible N.T. Gospel Mathew
942 ## - ADDED ENTRY ELEMENTS (KOHA)
Koha item type Books
700 1# -
-- Sykes, R H
Holdings
Collection code Home library Current library Date acquired Cost, normal purchase price Full call number Accession Number Koha item type
  Henry Martyn Institute Library Henry Martyn Institute Library 06/20/2007 100.00 226.2 SYK 012881 Books
                   Copyright © 2026 | Henry Martyn Institute | Hyderabad | TS-500052 | INDIA | Implemented by hmi.edu.in
Hit-Count:

Powered by Koha